Az egyenesadókra vonatkozó törvényes rendelkezések hivatalos összeállítása

Elmentve itt :
Bibliográfiai részletek
Szerző: Lénárt Vilmos
Dokumentumtípus: Cikk
Megjelent: 1925
Sorozat:Polgári jog : a hazai és külföldi magánjog és hiteljog szemléje 1
Kulcsszavak:Adózás Magyarország 1925
Online Access:http://misc.bibl.u-szeged.hu/4063
LEADER 00662nab a2200169 i 4500
001 misc4063
005 20191106143155.0
008 170607s1925 hu o 0|| hun d
040 |a SZTE Miscellanea Repozitórium  |b hun 
041 |a hun 
100 1 |a Lénárt Vilmos 
245 1 3 |a Az egyenesadókra vonatkozó törvényes rendelkezések hivatalos összeállítása  |h [elektronikus dokumentum] /  |c  Lénárt Vilmos 
260 |c 1925 
300 |a 37-38c 
490 0 |a Polgári jog : a hazai és külföldi magánjog és hiteljog szemléje  |v 1 
695 |a Adózás Magyarország 1925 
856 4 0 |u http://misc.bibl.u-szeged.hu/4063/1/polgari_jog_1925_037-038c.pdf  |z Dokumentum-elérés